00389nam a2200145Ia 4500003000400000008004100004040001600045082001500061100002300076245005800099260004200157300001000199650002200209650001200231GCL140319s9999 xx 000 0 eng d aGCL / cGCL04a005.3bC Q1 aCOPESTAKE, STEPHEN10aQUICKE FOR WINDOWS MADE SIMPLE / cCOPESTAKE, STEPHEN a[S.N] : bMADE SIMPLE BOOKS ، c1995 a150 P04aشعر الحرب04aWINDOWS